Der gekreuzigte Gott: das Kreuz Christi als Grund und Kritik christlicher Theologie
Gorde:
| Egile nagusia: | |
|---|---|
| Formatua: | Liburua |
| Hizkuntza: | alemana |
| Argitaratua: |
Gütersloh
Chr. Kaiser
1993
|
| Edizioa: | 6a. ed |
| Saila: | Kaiser Taschenbucher, 16
|
| Gaiak: | |
| Etiketak: |
Etiketa erantsi
Etiketarik gabe, Izan zaitez lehena erregistro honi etiketa jartzen!
|
MARC
| LEADER | 00000cam a2200000 a 4500 | ||
|---|---|---|---|
| 001 | UCE8092 | ||
| 003 | CL-VaPUC | ||
| 008 | 150728e19930000gw |||||||||||||||||ger|d | ||
| 020 | |a 3579050168 | ||
| 082 | 0 | 4 | |a 232.97 |b MOL |2 21 |
| 100 | |a Moltmann, Jürgen |e autor |9 595969 | ||
| 245 | 1 | 4 | |a Der gekreuzigte Gott: das Kreuz Christi als Grund und Kritik christlicher Theologie |
| 250 | |a 6a. ed | ||
| 300 | |a 320 p | ||
| 942 | |c BK | ||
| 945 | |d 20150728 02:04:00 |a dcastane | ||
| 260 | |a Gütersloh |b Chr. Kaiser |c 1993 | ||
| 650 | 0 | |a Cristología |9 315091 | |
| 650 | 0 | |a Vida de Jesús |9 478097 | |
| 650 | 0 | |a Resurrección de Jesús |9 314391 | |
| 583 | |a last modification |c 20150728 02:04:00 |k Rodrigo Vera | ||
| 490 | 0 | |a Kaiser Taschenbucher, 16 | |
| 999 | |c 360042 |d 360040 | ||
| 952 | |0 0 |1 0 |3 erb |4 0 |6 232_970000000000000_MOL_1993 |7 0 |8 A |9 469668 |a BIBTEO |b BIBTEO |e Casale Rolle, Carlos Ignacio, -2014 |i 518536K |o 232.97 MOL 1993 |p 518536K |r 2025-01-17 |w 2019-11-23 |y BK |z Catalogado en:20150728 |k ICR | ||